Statistiques concernant Palmarès de la Ligue 1

Cliquez ici pour prendre le quiz!

Statistiques générales

  • Ce quiz a été pris 998 fois
    (217 depuis la dernière actualisation)
  • Le résultat moyen est 14 sur 19

Statistiques - réponses

Titre(s)Clubs% Correct
9Olympique de Marseille
100%
7Olympique Lyonnais
99%
11Paris Saint-Germain
99%
10AS Saint-Etienne
97%
6Girondins de Bordeaux
96%
4Lille OSC
96%
8AS Monaco
93%
4OGC Nice
91%
8FC Nantes
88%
1RC Lens
88%
1Montpellier HSC
82%
6Stade de Reims
80%
1RC Strasbourg
79%
1AJ Auxerre
74%
1RC Paris
61%
2FC Sochaux-Montbéliard
54%
2FC Sète
41%
1Olympique Lillois
14%
1CO Roubaix-Tourcoing
11%

Distribution des résultats

Percentile par nombre de réponses

% des personnes avec chaque résultat

Votre développement - résultats

Vous n’avez pas pris ce quiz depuis la dernière actualisation